00391pab a2200145 454500008004000000100002300040245005700063260000900120300001300129362000800142650002800150650002000178700002100198773002600219180718b2003 xxu||||| |||| 00| 0 eng d aRao, K. Hanumantha aEffect on economic reforms on onion economy of India c2003 ap.53-42. aDec aEconomic reform - India aEconomic reform aReddy, K. Pratap aAsian Economic Review